Evaluación del pavimento en el tramo Sébaco Km. 103.4, el Guayacán Km.117 y alternativa de solución.
Presenta la evaluación del pavimento en el tramo Sébaco Km. 103.4, el Guayacán Km.117 y alternativa de solución el cual presenta la evaluación de las condiciones superficiales del pavimento, así como el análisis de los tipos de suelos que lo componen y los bancos de préstamos a utilizar....
| Main Authors: | , , |
|---|---|
| Other Authors: | |
| Format: | Tesis Section = Libro |
| Language: | Undetermined Spanish |
| Published: |
Managua
UNI
2007
|
| Subjects: |
| LEADER | 01222nam a2200277Ia 4500 | ||
|---|---|---|---|
| 008 | 240830s9999 xx 000 0 und d | ||
| 040 | |a BIBLIOTECA-RUPAP Mon 625.85 A663 | ||
| 041 | |a spa | ||
| 082 | |a Mon 625.85 A663 | ||
| 100 | 1 | |a Arauz Sánchez, Claudia José | |
| 100 | 1 | |b Blandón Rodríguez, Guillermo Antonio | |
| 100 | 1 | |c Catillo Corrales, Yuri Antonio | |
| 245 | 1 | 0 | |a Evaluación del pavimento en el tramo Sébaco Km. 103.4, el Guayacán Km.117 y alternativa de solución. |
| 260 | |a Managua |b UNI |c 2007 | ||
| 300 | |a 165 p. :il. | ||
| 500 | |a Contiene: anexos. | ||
| 502 | |a Tesis (Ingeniero Civil)- UNI, 2007. | ||
| 520 | 3 | |a Presenta la evaluación del pavimento en el tramo Sébaco Km. 103.4, el Guayacán Km.117 y alternativa de solución el cual presenta la evaluación de las condiciones superficiales del pavimento, así como el análisis de los tipos de suelos que lo componen y los bancos de préstamos a utilizar. | |
| 650 | 7 | |a PAVIMENTOS | |
| 650 | 7 | |b PAVIMENTOS DE ASFALTO | |
| 650 | 7 | |c PAVIMENTOS – DISEÑO Y CONSTRUCCION | |
| 650 | 7 | |d CARRETERAS – MANTENIMIENTO Y REPARACION | |
| 700 | 1 | |a Tutor: |b Morales Urbina, Israel | |
| 942 | |c BK |2 ddc | ||
| 991 | |a TESIS | ||
| 999 | |c 16058 | ||